000 00453nam a22001697a 4500
003 OSt
008 260427b |||||||| |||| 00| 0 eng d
082 _a635.642
_bS15S
100 _aShree, Sangeeta
245 _aStudies on Processing Qualities and Shelf Life of Tomato Varities
260 _aPusa, Samastipur
_bRAU
_c1999
300 _a60P.
502 _bMsc.
_d1999
650 _aVegetable & Floriculture
650 _aHorticulture
942 _2ddc
_cT
999 _c50201
_d50201